000 00286cam a2200133ua 4500
041 _aeng
_h
100 _aMinhas, P.S .
245 _aUse of Brackish water for Irrigation
260 _a :
_bDept.Ext ,
_c2001.
300 _a ; .
504 _a
942 _cBK
999 _c13006
_d13006